000 00576nam a2200217Ia 4500
005 20260429111903.0
008 260429s9999||||xx |||||||||||||| ||und||
020 _a9788119642557
041 _aEnglish
082 _a954.02
_bMOO
100 _aMookerji, Radhakumud
245 0 _aRulers of India Harsha /
_cRadhakumud Mookerji
260 _aJaipur :
_bHilltop Publications,
_c2025.
300 _a202 p.; hb
650 _a Ancient India
650 _a Indian history
650 _a Kings and rulers
650 _a Political history
650 _aHarsha
942 _cTB
999 _c51285
_d51285